| 000 | 01056nam a22001817a 4500 | ||
|---|---|---|---|
| 999 |
_c64028 _d64028 |
||
| 003 | Ge_BSU | ||
| 005 | 20260312120212.0 | ||
| 008 | 260312s1965 ge ||||| |||| 00| 0 geo d | ||
| 041 | _ageo | ||
| 080 | _a330.52(479.22) თ-42 | ||
| 100 |
_aთეთრაული, არჩილ _9798 |
||
| 245 |
_aსაქართველოს სსრ საზოგადოებრივი პროდუქტისა და ნაციონალური შემოსავლის სტრუქტურა და ზრდის ფაქტორები / _cარჩ. თეთრაული; ეკონომიკისა და სამართლის ინ-ტი. |
||
| 264 |
_aთბ. : _b მეცნიერება, _c1965. |
||
| 300 |
_a118 გვ. ; _b22 სმ. |
||
| 653 | _aსაქართველოს საზოგადოებრივი პროდუქტი. | ||
| 653 | _aსაქართველოს ნაციონალური შემოსავალი. | ||
| 942 |
_2udc _cBK |
||